000 00528nam a2200181 i 4500
001 81090
003 ES-MaACL
005 20230906174352.0
007 t|
008 041102s1972 sp ||||1| spa d
100 1 _aHoman, William E.
_964103
245 1 3 _aLa educación del niño /
_cWilliam E. Homan ; [traducción de Irene Peypoch].
250 _a[1ª ed.].
260 _a[Barcelona] :
_bPlaza y Janés,
_c[1972]
300 _a348 p. ;
_c20 cm.
700 1 _aPeypoch, Irene.
_991593
852 _aES-MaACL
_jC-51096
_bR.81143
999 _c81090
_d81090